000
00290nam a22001337a 4500
008
181121b xxu||||| |||| 00| 0 eng d
020
_a
9780471332343
041
_a
eng
080
_a
531
100
_a
43
101
_a
FIZ
245
_a
Fundamentals Physics
_c
Wallker.R
942
_2
udc
_c
BK
999
_c
52307
_d
52307